Projekt zvýšení efektivity ekonomiky na očním oddělení v podmínkách akciové společnosti

Saved in:
Bibliographic Details
Main Author Urbanová, Alžběta (Dissertant)
Other Authors Urminský, Juraj (Thesis advisor)
Format Manuscript Book
LanguageCzech
Published 2012
Subjects
Online AccessPlný text v Digitální knihovně UTB
Physical Description101 s.

Cover

LEADER 00000ntm a22000007u 4500
001 zp28252
041 |a cze 
100 1 |a Urbanová, Alžběta  |4 dis 
245 1 0 |a Projekt zvýšení efektivity ekonomiky na očním oddělení v podmínkách akciové společnosti 
246 |a The Project of Economics Efficiency Improvement at Ophthalmology Department with Conditions of Joint Stock Company 
260 |c 2012 
300 |a 101 s. 
500 |a Studijní obor: Management ve zdravotnictví 
500 |a Studijní obor: Health Services Management 
500 |a Ústav: Ústav managementu a marketingu 
500 |a Univerzita Tomáše Bati ve Zlíně. Fakulta managementu a ekonomiky 
500 |a Tomas Bata University in Zlín. Faculty of Management and Economics 
506 |a Bez omezení 
653 |a Oční oddělení 
653 |a zdravotní péče 
653 |a zdravotní pojištění 
653 |a způsoby financování 
653 |a efektivita 
653 |a nákla-dy 
653 |a controlling 
653 |a controller 
653 |a Ophtalmology department 
653 |a universal health instance 
653 |a healthcare 
653 |a methods of financing 
653 |a efficiency 
653 |a costs 
653 |a controlling 
653 |a controller 
655 4 |a diplomová práce 
700 1 |a Urminský, Juraj  |4 ths 
710 2 |a Univerzita Tomáše Bati ve Zlíně. Fakulta managementu a ekonomiky  |4 dgg 
710 2 |a Tomas Bata University in Zlín. Faculty of Management and Economics  |4 dgg 
856 4 0 |u http://hdl.handle.net/10563/22465  |y Plný text v Digitální knihovně UTB